Last Chaos Monster by picture #2 - Statistics

General Stats
  • This quiz has been taken 13 times
  • The average score is 4 of 10
Answer Stats
Question Answer % Correct
Death Goddess
100%
Wane Spider
58%
Dark Wraith
58%
Goblin Warrior
58%
Skeleton Gatekeeper
42%
Cursed Lich
33%
Remnant Sorcerer
25%
Brugg Pit Fighter
17%
Starving Fanatic
17%
Ferocious Scorpion
8%
No matching quizzes found
Score Distribution
Percent of People with Each Score
Percentile by Number Answered
Your Score History
You have not taken this quiz